Aplicatiile calculului matriceal in fizica si technica reactorilor nucleari (Record no. 67551)
[ view plain ]
| 000 -LEADER | |
|---|---|
| fixed length control field | 00457nam a2200133 4500 |
| 008 - FIXED-LENGTH DATA ELEMENTS--GENERAL INFORMATION | |
| fixed length control field | 241016b |||||||| |||| 00| 0 eng d |
| 040 ## - CATALOGING SOURCE | |
| Original cataloging agency | National Science Library |
| Transcribing agency | National Science Library |
| 080 ## - UNIVERSAL DECIMAL CLASSIFICATION NUMBER | |
| Universal Decimal Classification number | 517:621.039.4/.6 |
| Item number | K8 |
| 100 ## - MAIN ENTRY--PERSONAL NAME | |
| Personal name | Rosescu, Teodor |
| 245 ## - TITLE STATEMENT | |
| Title | Aplicatiile calculului matriceal in fizica si technica reactorilor nucleari |
| 260 ## - PUBLICATION, DISTRIBUTION, ETC. | |
| Place of publication, distribution, etc. | Romania: |
| Name of publisher, distributor, etc. | Editura academiei republicii Socialiste, |
| Date of publication, distribution, etc. | 1968 |
| 300 ## - PHYSICAL DESCRIPTION | |
| Extent | 346p. |
| 942 ## - ADDED ENTRY ELEMENTS (KOHA) | |
| Source of classification or shelving scheme | Universal Decimal Classification |
| Koha item type | Books |
| Withdrawn status | Lost status | Source of classification or shelving scheme | Damaged status | Not for loan | Home library | Current library | Shelving location | Date acquired | Total Checkouts | Full call number | Barcode | Date last seen | Price effective from | Koha item type |
|---|---|---|---|---|---|---|---|---|---|---|---|---|---|---|
| Universal Decimal Classification | National Science Library | National Science Library | SF/Rk-65/C-3/R-5 | 12/05/1969 | 517:621.039.4/.6, K8 | 26858 | 16/10/2024 | 12/05/1969 | Books |